书目信息 |
| 题名: |
城市工程建设废弃物资源化利用
|
|
| 作者: | 黄靓, , 杨勇 编著 | |
| 分册: | ||
| 出版信息: | 北京 中国建材工业出版社 2020.06 |
|
| 页数: | 175页 | |
| 开本: | 24cm | |
| 丛书名: | ||
| 单 册: | ||
| 中图分类: | X799.1 | |
| 科图分类: | ||
| 主题词: | 城市建设--cheng shi jian she--建筑垃圾--废物综合利用 | |
| 电子资源: | ||
| ISBN: | 978-7-5160-2862-9 | |
| 000 | 01000nam0 2200265 450 | |
| 001 | 202020140377 | |
| 005 | 20200926181352.0 | |
| 010 | @a978-7-5160-2862-9@dCNY58.00 | |
| 100 | @a20200918d2020 em y0chiy50 ea | |
| 101 | 0 | @achi |
| 102 | @aCN@b110000 | |
| 105 | @aa a 000yy | |
| 106 | @ar | |
| 200 | 1 | @a城市工程建设废弃物资源化利用@Acheng shi gong cheng jian she fei qi wu zi yuan hua li yong@f黄靓, 杨勇编著 |
| 210 | @a北京@c中国建材工业出版社@d2020.06 | |
| 215 | @a175页@c图@d24cm | |
| 314 | @a黄靓, 湖南大学土木工程学院教授、博导。 | |
| 320 | @a有书目 (第167-175页) | |
| 330 | @a本书包括城市工程建设废弃物概述, 建筑垃圾、工程渣土、城市污泥、废旧沥青路面材料的资源化利用, 城市废弃物资源化利用相关政策法律体系, 城市废弃物管理措施7个部分。 | |
| 606 | 0 | @a城市建设@Acheng shi jian she@x建筑垃圾@x废物综合利用 |
| 690 | @aX799.1@v5 | |
| 701 | 0 | @a黄靓,@Ahuang jing@f1974-@4编著 |
| 701 | 0 | @a杨勇@Ayang yong@4编著 |
| 801 | 0 | @aCN@c20200702 |
| 905 | @a河南城建学院图书馆@dX799.1@eH842 | |
| 城市工程建设废弃物资源化利用/黄靓, 杨勇编著.-北京:中国建材工业出版社,2020.06 |
| 175页:图;24cm |
| ISBN 978-7-5160-2862-9:CNY58.00 |
| 本书包括城市工程建设废弃物概述, 建筑垃圾、工程渣土、城市污泥、废旧沥青路面材料的资源化利用, 城市废弃物资源化利用相关政策法律体系, 城市废弃物管理措施7个部分。 |
| ● |
| 相关链接 |
|
|
|
正题名:城市工程建设废弃物资源化利用
索取号:X799.1/H842
 
预约/预借
| 序号 | 登录号 | 条形码 | 馆藏地/架位号 | 状态 | 备注 |
| 1 | 1490601 | 214906011 | 自科库501/501自科库 111排2列3层/ [索取号:X799.1/H842] | 在馆 |